00368nam a22001337a 4500003000400000005001700004008004100021040002200062082001500084100001600099245004000115260006100155300001800216OSt20230125131856.0220916b |||||||| |||| 00| 0 eng d cBiblioteca Lado V a708bD536u aDi, Gonzalo aUnidos en la gloria y en la muerte/ aSantiago de ChilebEdiciones de la cortina de humoc1998 a67p.c19x20cm